000
00264nam a2200097Ia 4500
001
695448
005
20250826161953.0
008
250824s9999 xx 000 0 und d
245
0
_a
BİR YAZ GECESİ RÜYASI (ANTİK)
_c
SHAKESPEARE
260
_b
ANTİK DÜNYA KLASİKLERİ
999
_c
695448
_d
695448